| 000 | 00423nam a2200145Ia 4500 | ||
|---|---|---|---|
| 008 | 210716s1996 xx 000 0 und d | ||
| 020 | _a812371596X | ||
| 041 | _aeng | ||
| 082 | _a003.70508 KUMA | ||
| 100 | _aKumar Arvind: Ghaisas Anand. | ||
| 245 |
_aChaos fractals and self organistion. _bNew perspectives on complexity in nature. |
||
| 250 | _a1 | ||
| 260 |
_aNew Delhi _bNational book trust _c1996 |
||
| 300 | _ax, 186 | ||
| 999 |
_c183170 _d183170 |
||